书目信息 |
| 题名: |
高等数学
|
|
| 作者: | 张建 , 周展宏 主编 | |
| 分册: | ||
| 出版信息: | 广州 华南理工大学出版社 2005.02 |
|
| 页数: | 404页 | |
| 开本: | 20cm | |
| 丛书名: | ||
| 单 册: | ||
| 中图分类: | O13 | |
| 科图分类: | ||
| 主题词: | 高等数学--gao deng shu xue--高等学校--教材 | |
| 电子资源: | ||
| ISBN: | 7-5623-1878-6 | |
| 000 | 00836nam0 2200241 450 | |
| 001 | 012006869417 | |
| 005 | 20060321163823.39 | |
| 010 | @a7-5623-1878-6@dCNY22.00 | |
| 100 | @a20060321d2005 km y0chiy0120 ea | |
| 101 | 0 | @achi |
| 102 | @aCN@b440000 | |
| 105 | @ay z 000yy | |
| 200 | 1 | @a高等数学@Agao deng shu xue@f张建, 周展宏主编@Fzhang jian,zhou zhan hong zhu bian |
| 210 | @a广州@c华南理工大学出版社@d2005.02 | |
| 215 | @a404页@d20cm | |
| 330 | @a本书介绍了函数与极限、导数与微分、导数的应用、不定积分、定积分、多元函数的微积分、常微分方程等非理工科“高等数学”课程的内容。 | |
| 333 | @a21世纪高校教材。 | |
| 606 | 0 | @a高等数学@Agao deng shu xue@x高等学校@j教材 |
| 690 | @aO13@v4 | |
| 701 | 0 | @a张建@Azhang jian@4主编 |
| 701 | 0 | @a周展宏@Azhou zhan hong@4主编 |
| 801 | 0 | @aCN@bQSSK@c20060321 |
| 905 | @a10447@dO13@eZ125 | |
| 高等数学/张建, 周展宏主编.-广州:华南理工大学出版社,2005.02 |
| 404页;20cm |
| 使用对象:21世纪高校教材。 |
| ISBN 7-5623-1878-6:CNY22.00 |
| 本书介绍了函数与极限、导数与微分、导数的应用、不定积分、定积分、多元函数的微积分、常微分方程等非理工科“高等数学”课程的内容。 |
| ● |
| 相关链接 |
|
|
|
正题名:高等数学
索取号:O13/Z125
 
预约/预借
| 序号 | 登录号 | 条形码 | 馆藏地/架位号 | 状态 | 备注 |
| 1 | 556425 | 205564254 | 自科库401/401自科库 107排9列4层/ [索取号:O13/Z125] | 在馆 | |
| 2 | 556426 | 205564263 | 自科库401/401自科库 107排9列4层/ [索取号:O13/Z125] | 在馆 | |
| 3 | 556427 | 205564272 | 自科库401/401自科库 107排9列4层/ [索取号:O13/Z125] | 在馆 |